000 00460nam a2200169Ia 4500
003 GCL
008 140319s9999 xx 000 0 ara d
040 _aGCL /
_cGCL
082 0 4 _a812.043
_bم ز
100 1 _aمحمود دياب
245 1 0 _aالزوبعة : مسرحية من ثلاثة فصول /
_cمحمود دياب
300 _a150 ص
490 _a
650 0 4 _aالادب العربى
650 0 4 _aالمسرح العربى
942 _2ddc
_cBK
999 _c39479
_d39479